[Event "Medellin Antioquia-ch"]
[Site "Medellin"]
[Date "2023.04.24"]
[Round "4"]
[White "Lopez, Juan E"]
[Black "Ramos Rendon, Jose David"]
[Result "1-0"]
[WhiteElo "1676"]
[BlackElo "1414"]
[PlyCount "47"]
[EventDate "2023.04.18"]
[EventType "swiss"]
[EventRounds "7"]
[EventCountry "COL"]
[SourceTitle "EXT 2024"]
[Source "ChessBase"]
[SourceDate "2023.10.10"]
[SourceVersion "1"]
[SourceVersionDate "2023.10.10"]
[SourceQuality "1"]

1. e4 e5 2. Nf3 Nc6 3. d4 exd4 4. c3 dxc3 5. Bc4 Bc5 6. Bxf7+ Kf8 7. Bb3 Qe7 8. Nxc3 d6 9. 0-0 Bg4 10. h3 Bh5 11. Bg5 Qxg5 12. Nxg5 Bxd1 13. Raxd1 Nh6 14. Ne6+ Ke7 15. Nxc5 dxc5 16. f4 Nd4 17. Bc4 Rad8 18. f5 Nf7 19. f6+ gxf6 20. Nd5+ Kd7 21. Nxf6+ Kc8 22. Bxf7 Rhf8 23. Bh5 Ne6 24. Bg4 1-0

[Event "Medellin Easter op 11th"]
[Site "Medellin"]
[Date "2023.04.09"]
[Round "7"]
[White "Martinez, Mauricio"]
[Black "Lopez, Juan E"]
[Result "1-0"]
[WhiteElo "1886"]
[BlackElo "1676"]
[PlyCount "49"]
[EventDate "2023.04.05"]
[EventType "swiss"]
[EventRounds "7"]
[EventCountry "COL"]
[SourceTitle "CBM 213 Extra"]
[Source "ChessBase"]
[SourceDate "2023.05.31"]
[SourceVersion "1"]
[SourceVersionDate "2023.05.31"]
[SourceQuality "1"]

1. e4 e5 2. Nf3 Nc6 3. d4 exd4 4. Bc4 Nf6 5. Nxd4 Ne5 6. Bb3 Bc5 7. h3 0-0 8. 0-0 d6 9. Nc3 Bxh3 10. Bg5 Kh8 11. Nd5 c6 12. Bxf6 gxf6 13. Ne3 Bxd4 14. Qxd4 Rg8 15. f4 c5 16. Qd2 Ng4 17. Nxg4 Rxg4 18. Rf2 c4 19. Bxc4 Qb6 20. Kh2 Bxg2 21. Rxg2 Rxg2+ 22. Qxg2 Rg8 23. Qe2 d5 24. exd5 f5 25. d6 1-0

[Event "Medellin Aristizabal Cup"]
[Site "Medellin"]
[Date "2020.02.02"]
[Round "7"]
[White "Lopez, Juan E"]
[Black "Ortiz Lopera, Miguel Angel"]
[Result "1/2-1/2"]
[WhiteElo "1728"]
[BlackElo "1265"]
[PlyCount "68"]
[EventDate "2020.01.29"]
[EventType "swiss"]
[EventRounds "7"]
[EventCountry "COL"]
[SourceTitle "CBM 194 Extra"]
[Source "ChessBase"]
[SourceDate "2020.03.31"]
[SourceVersion "1"]
[SourceVersionDate "2020.03.31"]
[SourceQuality "1"]

1. e4 e5 2. Nf3 Nc6 3. d4 exd4 4. c3 d6 5. cxd4 Bg4 6. Bc4 Nf6 7. Qb3 Qd7 8. Bxf7+ Qxf7 9. Qxb7 Rc8 10. Qxc6+ Bd7 11. Qc2 Be7 12. 0-0 Qg6 13. Ng5 h6 14. Nf3 Bh3 15. Nh4 Qg4 16. f4 Qxh4 17. gxh3 Qxh3 18. Nc3 0-0 19. Qg2 Qd3 20. Rd1 Qc4 21. f5 Kh8 22. Qg6 Nh7 23. Kh1 Bf6 24. Be3 c5 25. Rg1 cxd4 26. Nd5 Rg8 27. Rac1 Nf8 28. Qf7 Rc7 29. Qxg8+ Kxg8 30. Rxc4 Rxc4 31. Nxf6+ Kf7 32. Nh5 dxe3 33. Rxg7+ Ke8 34. Rg1 Kf7 1/2-1/2

[Event "Medellin Luces Cup"]
[Site "Medellin"]
[Date "2017.12.21"]
[Round "6"]
[White "Alvarez, Carlos F"]
[Black "Lopez, Juan E"]
[Result "1-0"]
[WhiteElo "1743"]
[BlackElo "1859"]
[PlyCount "63"]
[EventDate "2017.12.18"]
[EventType "swiss"]
[EventRounds "7"]
[EventCountry "COL"]
[SourceTitle "CBM 182 Extra"]
[Source "ChessBase"]
[SourceDate "2018.02.23"]
[SourceVersion "1"]
[SourceVersionDate "2018.02.23"]
[SourceQuality "1"]

1. e4 e5 2. Nf3 Nc6 3. Bc4 Nf6 4. d4 exd4 5. 0-0 Nxe4 6. Re1 d5 7. Bxd5 Qxd5 8. Nc3 Qh5 9. Nxe4 Be6 10. Neg5 0-0-0 11. Nxe6 fxe6 12. Rxe6 Bd6 13. Qe2 Rhf8 14. h3 h6 15. Bd2 Qd5 16. Re1 Ne5 17. Rxe5 Bxe5 18. Qxe5 Qxa2 19. b4 Rfe8 20. Qxg7 Rxe1+ 21. Nxe1 Qe6 22. Qxh6 Qe2 23. Qf4 Re8 24. Qf5+ Kb8 25. Nf3 b6 26. h4 Qe4 27. Qxe4 Rxe4 28. h5 c5 29. bxc5 bxc5 30. h6 Re8 31. g4 Kc7 32. g5 1-0

[Event "Antioquia op-B"]
[Site "Medellin"]
[Date "2017.04.30"]
[Round "5"]
[White "Lopez, Juan E"]
[Black "Zea, Juan Camilo"]
[Result "0-1"]
[WhiteElo "1851"]
[BlackElo "1699"]
[PlyCount "84"]
[EventDate "2017.04.27"]
[EventType "swiss"]
[EventRounds "7"]
[EventCountry "COL"]
[SourceTitle "EXT 2019"]
[Source "ChessBase"]
[SourceDate "2018.10.10"]
[SourceVersion "1"]
[SourceVersionDate "2018.10.10"]
[SourceQuality "1"]

1. e4 c5 2. d4 cxd4 3. c3 d3 4. Bxd3 Nc6 5. Nf3 Nf6 6. 0-0 g6 7. c4 Bg7 8. Nc3 d6 9. h3 0-0 10. Be3 Nd7 11. Rc1 Nde5 12. Nxe5 Nxe5 13. f4 Nxd3 14. Qxd3 b6 15. f5 Bb7 16. Rc2 Qd7 17. Nd5 Bxd5 18. exd5 Rac8 19. b3 Rc7 20. Rcf2 Rcc8 21. Qe4 Bf6 22. Bh6 Bg7 23. Qh4 f6 24. Be3 b5 25. Rf3 g5 26. Qe4 bxc4 27. bxc4 Rc7 28. h4 Rfc8 29. c5 dxc5 30. hxg5 fxg5 31. Bxg5 Qb5 32. f6 exf6 33. Bxf6 Re8 34. Qg4 Qd7 35. Qg3 Kh8 36. d6 Rb7 37. Be7 Rbb8 38. Rf7 Rg8 39. Kh1 Qe6 40. Qh4 Rb1 41. R7f3 Rxf1+ 42. Rxf1 Qd5 0-1

[Event "Antioquia op-B"]
[Site "Medellin"]
[Date "2017.04.27"]
[Round "1"]
[White "Lopez, Juan E"]
[Black "Cabrera Novoa, Roxana"]
[Result "1-0"]
[WhiteElo "1851"]
[BlackElo "1023"]
[PlyCount "49"]
[EventDate "2017.04.27"]
[EventType "swiss"]
[EventRounds "7"]
[EventCountry "COL"]
[SourceTitle "EXT 2019"]
[Source "ChessBase"]
[SourceDate "2018.10.10"]
[SourceVersion "1"]
[SourceVersionDate "2018.10.10"]
[SourceQuality "1"]

1. e4 e5 2. Nf3 Nc6 3. d4 exd4 4. c3 dxc3 5. Bc4 f6 6. 0-0 Bc5 7. Bxg8 Rxg8 8. Qd5 Bxf2+ 9. Rxf2 Rh8 10. Nxc3 d6 11. Be3 Nb4 12. Qb5+ Nc6 13. Qh5+ Ke7 14. Raf1 Qe8 15. Nd5+ Kd7 16. Qg4+ Qe6 17. Qxg7+ Ne7 18. Qxh8 Nxd5 19. exd5 Qxe3 20. Qxh7+ Qe7 21. Qxe7+ Kxe7 22. Nd4 Kd7 23. Rxf6 Ke8 24. Rf8+ Kd7 25. R1f7# 1-0